| 000 | 00590cam a2200229 4500 | ||
|---|---|---|---|
| 008 | 090401t1990 xxu||||| |||| 00| 0 eng d | ||
| 020 | _a0113212674 | ||
| 035 | _a(Sirsi) u56561 | ||
| 041 | _aeng | ||
| 050 | _a725.51 | ||
| 110 |
_aDepartment of Health _9662 |
||
| 245 | _aAdult acute wards | ||
| 260 |
_aLondon _bHMSO _c1990 |
||
| 300 | _a2v.: ill. ; 30cm. | ||
| 350 | _a8.6 | ||
| 490 |
_aHealth Building Note _v4 |
||
| 650 | _aBUILT ENVIRONMENT-CONSTRUCTION DESIGN | ||
| 650 | _aHOSPITALS | ||
| 710 |
_aUnited Kingdom _bWelsh Office _91214 |
||
| 942 | _n0 | ||
| 948 | _c04/03/1997 | ||
| 999 |
_c93808 _d93808 |
||